[Event "Araraquara op"]
[Site "Araraquara"]
[Date "2023.02.20"]
[Round "4.41"]
[White "Barbosa, Rafael Santos"]
[Black "Vieira, Marina Saddi"]
[Result "1-0"]
[WhiteElo "1552"]
[BlackElo "1779"]
[PlyCount "61"]
[EventDate "2023.02.19"]
[EventType "swiss"]
[EventRounds "6"]
[EventCountry "BRA"]
[SourceTitle "CBM 213 Extra"]
[Source "ChessBase"]
[SourceDate "2023.05.31"]
[SourceVersion "1"]
[SourceVersionDate "2023.05.31"]
[SourceQuality "1"]

1. d4 d5 2. c4 c6 3. cxd5 cxd5 4. Nc3 Nf6 5. Nf3 Bf5 6. Qb3 Qd7 7. Ne5 Qc7 8. Nxd5 Nxd5 9. Qxd5 e6 10. Qb5+ Nc6 11. Nxc6 a6 12. Qc4 Rc8 13. Ne5 Qxc4 14. Nxc4 Rxc4 15. e4 Bb4+ 16. Ke2 Bg4+ 17. f3 Bh5 18. Kd3 b5 19. Be3 Kd7 20. Be2 Rhc8 21. Rac1 Rxc1 22. Rxc1 Rxc1 23. Bxc1 f5 24. Bd2 Be7 25. a3 Kc6 26. Bc3 g5 27. g4 fxe4+ 28. fxe4 Bg6 29. Bf3 Bd6 30. h3 Bf4 31. Bd2 1-0

[Event "Araraquara op"]
[Site "Araraquara"]
[Date "2023.02.19"]
[Round "2.43"]
[White "Barbosa, Rafael Santos"]
[Black "Morioka, Felipe Yukio"]
[Result "1/2-1/2"]
[WhiteElo "1552"]
[BlackElo "1800"]
[PlyCount "31"]
[EventDate "2023.02.19"]
[EventType "swiss"]
[EventRounds "6"]
[EventCountry "BRA"]
[SourceTitle "CBM 213 Extra"]
[Source "ChessBase"]
[SourceDate "2023.05.31"]
[SourceVersion "1"]
[SourceVersionDate "2023.05.31"]
[SourceQuality "1"]

1. c4 Nf6 2. Nc3 g6 3. g3 Bg7 4. Bg2 0-0 5. Nf3 d6 6. 0-0 e5 7. d3 Nbd7 8. e4 a5 9. h3 Nc5 10. Be3 Nfd7 11. d4 Ne6 12. Qd2 c6 13. Rad1 Qc7 14. d5 cxd5 15. cxd5 Nec5 16. Qc2 1/2-1/2

[Event "Florianopolis op 9th"]
[Site "Florianopolis"]
[Date "2023.01.28"]
[Round "8"]
[White "Sanchez, Ivan Roberto"]
[Black "Barbosa, Rafael Santos"]
[Result "1-0"]
[WhiteElo "1731"]
[BlackElo "1816"]
[PlyCount "132"]
[EventDate "2023.01.23"]
[EventType "swiss"]
[EventRounds "10"]
[EventCountry "BRA"]
[SourceTitle "CBM 212 Extra"]
[Source "ChessBase"]
[SourceDate "2023.03.31"]
[SourceVersion "1"]
[SourceVersionDate "2023.03.31"]
[SourceQuality "1"]

1. d4 Nf6 2. Nf3 g6 3. c4 Bg7 4. Nc3 d5 5. e3 0-0 6. Bd3 c5 7. 0-0 cxd4 8. Nxd4 Nc6 9. Nxc6 bxc6 10. Rb1 Ba6 11. Qa4 dxc4 12. Bxc4 Bxc4 13. Qxc4 Qb6 14. b3 Rfd8 15. Ba3 e6 16. Rbd1 Nd5 17. Na4 Qb5 18. Qc1 Bf8 19. Bxf8 Kxf8 20. Rd4 Nb6 21. Rfd1 Rxd4 22. Rxd4 Nxa4 23. Rxa4 Qb6 24. Qa3+ Kg8 25. Ra6 Qb7 26. Qa4 c5 27. h3 Kg7 28. Rc6 Qb4 29. Qxb4 cxb4 30. Ra6 Kf8 31. Kf1 Ke8 32. Ke2 Kd8 33. Kd3 Kc7 34. Kc4 Kb7 35. Ra5 Rb8 36. Kxb4 Kc6+ 37. Kc3 Kb6 38. Ra4 a5 39. Rc4 Rd8 40. Kc2 Rd7 41. Rc8 Ra7 42. Rc4 Rd7 43. Rc3 Ra7 44. Kd3 Rd7+ 45. Ke2 Kb5 46. Rc2 a4 47. bxa4+ Kxa4 48. Kf3 h5 49. h4 Ka3 50. Kf4 Rb7 51. Ke5 Rd7 52. Kf6 Rb7 53. Rd2 Rc7 54. Kg7 Rb7 55. Kf8 e5 56. Kg7 e4 57. Kf6 Rc7 58. f3 exf3 59. gxf3 Rc3 60. Re2 Rc7 61. e4 Rc3 62. Rf2 Rc7 63. Rd2 Rc3 64. Kxf7 Rxf3+ 65. Kxg6 Rf4 66. Kxh5 Rxe4 1-0

[Event "Florianopolis op 9th"]
[Site "Florianopolis"]
[Date "2023.01.24"]
[Round "2"]
[White "Barbosa, Rafael Santos"]
[Black "Machado, Leonardo Ribeiro"]
[Result "0-1"]
[WhiteElo "1816"]
[BlackElo "1807"]
[PlyCount "52"]
[EventDate "2023.01.23"]
[EventType "swiss"]
[EventRounds "10"]
[EventCountry "BRA"]
[SourceTitle "CBM 212 Extra"]
[Source "ChessBase"]
[SourceDate "2023.03.31"]
[SourceVersion "1"]
[SourceVersionDate "2023.03.31"]
[SourceQuality "1"]

1. d4 Nf6 2. c4 d6 3. Nc3 Nbd7 4. e4 e5 5. d5 g6 6. Nf3 Bg7 7. Be2 0-0 8. Bg5 h6 9. Bh4 a5 10. Nd2 Re8 11. 0-0 Nf8 12. Qc2 g5 13. Bg3 Ng6 14. b3 Nf4 15. f3 h5 16. a3 h4 17. Bf2 N6h5 18. b4 Kh8 19. c5 Rg8 20. Rfc1 Bh6 21. Bf1 g4 22. fxg4 Rxg4 23. Nd1 Qg5 24. Ne3 Nh3+ 25. Kh1 Nxf2+ 26. Kg1 Qxe3 0-1